| 000 | 00887nam a2200313Ia 4500 | ||
|---|---|---|---|
| 008 | 170711s9999 xx 000 0 und d | ||
| 020 | _a836134303 | ||
| 050 | _a974.81 | ||
| 050 | _bD396 1985 | ||
| 100 | _aDenlinger, A. Martha | ||
| 245 | _aReal people : | ||
| 245 | _bAmish and Mennonites in Lancaster County, Pennsylvania / | ||
| 245 | _cby A. Marth Denlinger. | ||
| 250 | _aThird edition. | ||
| 260 | _aCanada : | ||
| 260 | _bHerald Press, | ||
| 260 | _c1985 | ||
| 300 | _a95 pages : | ||
| 300 | _billustrations ; | ||
| 300 | _c21cm. | ||
| 500 | _aIncludes glossary, bibliographic reference and index. | ||
| 650 | _aAmish -- Pennsylvania -- | ||
| 650 | _aLancaster Country (Pa.) -- | ||
| 650 | _aMennonites -- Pennsylvania -- | ||
| 650 | _xLancaster Country. | ||
| 650 | _xLancaster Country. | ||
| 650 | _xSocial life and customs. | ||
| 700 | _aTitle. | ||
| 999 |
_c339895 _d339895 |
||